|
|
|
|
| LEADER |
02050nam a2200577 4500 |
| 001 |
ocn894987120 |
| 003 |
OCoLC |
| 005 |
20170124071747.6 |
| 006 |
m o d |
| 007 |
cr cnu---unuuu |
| 008 |
141111s2014 nju o 000 0 eng d |
| 040 |
|
|
|a N$T
|b eng
|e rda
|e pn
|c N$T
|d DG1
|d E7B
|d N$T
|d YDXCP
|d OCLCF
|d OCLCQ
|d COO
|d EBLCP
|d OCLCQ
|d DEBBG
|d D6H
|d K6U
|d GrThAP
|
| 019 |
|
|
|a 919124421
|a 919341572
|a 961680996
|a 962624315
|
| 020 |
|
|
|a 9781118916858
|q (electronic bk.)
|
| 020 |
|
|
|a 1118916859
|q (electronic bk.)
|
| 020 |
|
|
|a 9781118916865
|q (electronic bk.)
|
| 020 |
|
|
|a 1118916867
|q (electronic bk.)
|
| 020 |
|
|
|a 9781119107736
|
| 020 |
|
|
|a 1119107733
|
| 020 |
|
|
|z 9781118916834
|
| 020 |
|
|
|z 1118916832
|
| 020 |
|
|
|z 1119107717
|
| 020 |
|
|
|z 9781119107712
|
| 029 |
1 |
|
|a CHBIS
|b 010442280
|
| 029 |
1 |
|
|a CHVBK
|b 334094879
|
| 029 |
1 |
|
|a NZ1
|b 15913244
|
| 029 |
1 |
|
|a DEBBG
|b BV043397280
|
| 035 |
|
|
|a (OCoLC)894987120
|z (OCoLC)919124421
|z (OCoLC)919341572
|z (OCoLC)961680996
|z (OCoLC)962624315
|
| 050 |
|
4 |
|a SB185.7
|
| 072 |
|
7 |
|a TEC
|x 003000
|2 bisacsh
|
| 082 |
0 |
4 |
|a 631.52
|2 23
|
| 049 |
|
|
|a MAIN
|
| 245 |
0 |
0 |
|a Plant breeding reviews.
|n Volume 38 /
|c edited by Jules Janick.
|
| 264 |
|
1 |
|a Hoboken :
|b Wiley-Blackwell,
|c 2014.
|
| 300 |
|
|
|a 1 online resource.
|
| 336 |
|
|
|a text
|b txt
|2 rdacontent
|
| 337 |
|
|
|a computer
|b c
|2 rdamedia
|
| 338 |
|
|
|a online resource
|b cr
|2 rdacarrier
|
| 588 |
0 |
|
|a Print version record.
|
| 504 |
|
|
|a Includes bibliographical references and index.
|
| 650 |
|
0 |
|a Plant breeding.
|
| 650 |
|
0 |
|a Crops
|x Genetics.
|
| 650 |
|
7 |
|a TECHNOLOGY & ENGINEERING
|x Agriculture
|x General.
|2 bisacsh
|
| 650 |
|
7 |
|a Crops
|x Genetics.
|2 fast
|0 (OCoLC)fst00884011
|
| 650 |
|
7 |
|a Plant breeding.
|2 fast
|0 (OCoLC)fst01065287
|
| 655 |
|
4 |
|a Electronic books.
|
| 655 |
|
0 |
|a Electronic books.
|
| 700 |
1 |
|
|a Janick, Jules,
|d 1931-
|e editor.
|
| 776 |
0 |
8 |
|i Print version:
|t Plant breeding reviews. Volume 38
|z 9781118916834
|w (OCoLC)885445669
|
| 856 |
4 |
0 |
|u https://doi.org/10.1002/9781118916865
|z Full Text via HEAL-Link
|
| 994 |
|
|
|a 92
|b DG1
|